Fantasy Movies and Films by Picture - Statistics

General Stats
  • This quiz has been taken 830 times
    188 since last reset
  • The average score is 13 of 20
Answer Stats
Picture Answer % Correct
Harry Potter and the Sorcerer's Stone
100%
The Lord of the Rings: The Fellowship of the Ring
91%
The Wizard of Oz
90%
Alice in Wonderland
89%
Willy Wonka and the Chocolate Factory
84%
Edward Scissorhands
83%
Jumanji
78%
The Green Mile
78%
Maleficent
75%
The Princess Bride
65%
Labyrinth
63%
The Neverending Story
58%
Pan’s Labyrinth
57%
Conan the Barbarian
55%
Willow
42%
Masters of the Universe
36%
The Dark Crystal
36%
Highlander
33%
Legend
28%
Time Bandits
16%
No matching quizzes found
Score Distribution
Percent of People with Each Score
Percentile by Number Answered
Your Score History
You have not taken this quiz since the last reset